<?xml version="1.0" encoding="UTF-8"?>
<record
    xmlns:xsi="http://www.w3.org/2001/XMLSchema-instance"
    xsi:schemaLocation="http://www.loc.gov/MARC21/slim http://www.loc.gov/standards/marcxml/schema/MARC21slim.xsd"
    xmlns="http://www.loc.gov/MARC21/slim">

  <leader>01080cam a22002531  4500</leader>
  <controlfield tag="001">g  01000684 </controlfield>
  <controlfield tag="003">DLC</controlfield>
  <controlfield tag="005">20260227111252.0</controlfield>
  <controlfield tag="008">770506s1851    gw       d    000 0 lat  </controlfield>
  <datafield tag="010" ind1=" " ind2=" ">
    <subfield code="a">g  01000684 </subfield>
  </datafield>
  <datafield tag="035" ind1=" " ind2=" ">
    <subfield code="a">(OCoLC)2945535</subfield>
  </datafield>
  <datafield tag="040" ind1=" " ind2=" ">
    <subfield code="a">DLC</subfield>
    <subfield code="c">GEU</subfield>
    <subfield code="d">GEU</subfield>
    <subfield code="d">OCoLC</subfield>
    <subfield code="d">DLC</subfield>
  </datafield>
  <datafield tag="041" ind1="0" ind2=" ">
    <subfield code="a">latang</subfield>
  </datafield>
  <datafield tag="050" ind1="0" ind2="0">
    <subfield code="a">PT1371</subfield>
    <subfield code="b">.B6 Abt. 1 Bd. 29</subfield>
  </datafield>
  <datafield tag="051" ind1=" " ind2=" ">
    <subfield code="a">PE281.L5</subfield>
    <subfield code="b">E7</subfield>
  </datafield>
  <datafield tag="100" ind1="1" ind2=" ">
    <subfield code="a">Ettm&#xFC;ller, Ludwig,</subfield>
    <subfield code="d">1802-1877.</subfield>
  </datafield>
  <datafield tag="245" ind1="1" ind2="0">
    <subfield code="a">Vorda vealhst&#xF4;d Engla and Seaxna.</subfield>
    <subfield code="b">Lexicon anglo-saxonicum ex po&#xEB;tarum scriptorumque prosaicorum operibus nec non lexicis anglosaxonicis collectum, cum synopsi grammatica</subfield>
    <subfield code="c">edidit Ludovicus Ettm&#xFC;llerus ...</subfield>
  </datafield>
  <datafield tag="260" ind1=" " ind2=" ">
    <subfield code="a">Quedlinburgii,</subfield>
    <subfield code="a">Lipsi&#xE6;,</subfield>
    <subfield code="b">typis et expensis G. Bassii; [etc., etc.]</subfield>
    <subfield code="c">1851.</subfield>
  </datafield>
  <datafield tag="300" ind1=" " ind2=" ">
    <subfield code="a">lxxi, 767, [1] p.</subfield>
    <subfield code="c">22 cm.</subfield>
  </datafield>
  <datafield tag="490" ind1="0" ind2=" ">
    <subfield code="a">Bibliothek der gesammten deutschen national-literatur ...</subfield>
    <subfield code="v">[1. abth.] 29. Bd.</subfield>
  </datafield>
  <datafield tag="650" ind1=" " ind2="0">
    <subfield code="a">English language</subfield>
    <subfield code="y">Old English, ca. 450-1100</subfield>
    <subfield code="v">Dictionaries</subfield>
    <subfield code="x">Latin.</subfield>
  </datafield>
  <datafield tag="650" ind1=" " ind2="0">
    <subfield code="a">Latin language</subfield>
    <subfield code="v">Dictionaries</subfield>
    <subfield code="x">English.</subfield>
  </datafield>
  <datafield tag="650" ind1=" " ind2="0">
    <subfield code="a">English language</subfield>
    <subfield code="y">Old English, ca. 450-1100</subfield>
    <subfield code="x">Grammar.</subfield>
  </datafield>
  <datafield tag="999" ind1=" " ind2=" ">
    <subfield code="c">23536</subfield>
    <subfield code="d">23536</subfield>
  </datafield>
</record>
